00922 2200325 4500001002100000005001500021035002000036007000300056040001700059100003000076245006900106250001400175300003300189504002400222020001800246041000800264082001200272084001800284090002500302264004600327336002100373337003000394338002300424500002800447650001700475700003200492850001000524008004100534990002100575INLIS00000000000733520260602032659 a0010-0822000309ta aSBPUPADbind0 aRizal RickienoePengarang1 aMerawat dan Memperbaiki Motor untuk Orang Awam /cRizal Rickieno a.- cet. 1 a74 hlm :bilus ;c15 x 23 cm aBibliografi, hlm 73 a979-610-199-807aind a629.227 a629.227 RIZ m a629.227 RIZ m L 20-2 a.--Yogyakarta :bPustaka Widyatama,c2008 2rdacontentateks 2rdamediaatanpa perantara 2rdacarrieravolume aTentang Penulis, Hlm 74 4aTeknik Mesin0 aEditor, Dedy GNRePengarang aPUPAD260602 0  a7361/ARPUS-PDG08